[Event "DEM U10 2016"]
[Site "Willingen GER"]
[Date "2016.05.21"]
[Round "11"]
[White "Fuchs, Florian"]
[Black "Bui, Bao Anh Le"]
[Result "1/2-1/2"]
[Termination "normal"]
[Board "1"]
[WhiteElo "1724"]
[BlackElo "1659"]
[WhiteClock "00:34:42"]
[BlackClock "00:26:52"]
[PlyCount "42"]
[WhiteFideId "16213351"]
[BlackFideId "12970719"]
[EventCountry "GER"]
[EventRounds "11"]
[EventType "swiss"]
[EventDate "2016.05.14"]

1. e4 c5 2. Nf3 d6 3. Bb5+ Bd7 4. Bxd7+ Nxd7 5. O-O g6 6. c3 Bg7 7. d4 cxd4 8.
cxd4 Ngf6 9. Re1 O-O 10. Nc3 Nb6 11. Bf4 Nh5 12. Be3 Nc4 13. Qe2 Nxe3 14. Qxe3
Qd7 15. Rac1 Rac8 16. Rc2 Rc7 17. Rec1 Rfc8 18. Qd2 e6 19. Ne2 Nf6 20. Ng3 Ne8
21. Rxc7 Rxc7 1/2-1/2

[Event "DEM U10 2016"]
[Site "Willingen GER"]
[Date "2016.05.21"]
[Round "11"]
[White "Rössel, Gino"]
[Black "Laux, Dominik"]
[Result "1-0"]
[Termination "normal"]
[Board "2"]
[WhiteElo "1682"]
[BlackElo "1529"]
[WhiteClock "00:52:32"]
[BlackClock "00:42:18"]
[PlyCount "47"]
[WhiteFideId "16203070"]
[BlackFideId "12994219"]
[EventCountry "GER"]
[EventRounds "11"]
[EventType "swiss"]
[EventDate "2016.05.14"]

1. e4 d5 2. exd5 Nf6 3. d4 Bg4 4. Be2 Bxe2 5. Qxe2 Qxd5 6. Nf3 e6 7. O-O Nc6 8.
Be3 Be7 9. c4 Qd7 10. Nc3 h6 11. Rad1 g5 12. Ne5 Qc8 13. Nxc6 bxc6 14. g3 Rg8
15. d5 cxd5 16. cxd5 e5 17. Rfe1 h5 18. Bd4 h4 19. Qxe5 Qd7 20. Qxf6 Kd8 21.
Qxf7 Rf8 22. Qxe7+ Qxe7 23. Rxe7 Kxe7 24. Bc5+ 1-0

[Event "DEM U10 2016"]
[Site "Willingen GER"]
[Date "2016.05.21"]
[Round "11"]
[White "Toval, David"]
[Black "Tham, Nam"]
[Result "1/2-1/2"]
[Termination "normal"]
[Board "3"]
[WhiteElo "1516"]
[BlackElo "1575"]
[WhiteClock "00:14:08"]
[BlackClock "00:36:38"]
[PlyCount "68"]
[WhiteFideId "12992755"]
[BlackFideId "12997331"]
[EventCountry "GER"]
[EventRounds "11"]
[EventType "swiss"]
[EventDate "2016.05.14"]

1. e4 e5 2. Nf3 Nc6 3. Bb5 a6 4. Ba4 Nf6 5. O-O Be7 6. Re1 b5 7. Bb3 O-O 8. c3
d6 9. h3 h6 10. d4 Re8 11. Nbd2 Bf8 12. Bc2 g6 13. Nf1 Bg7 14. Ng3 Bb7 15. a4
Qd7 16. Be3 Red8 17. d5 Na5 18. axb5 axb5 19. b3 c5 20. Qd2 Kh7 21. c4 b4 22.
Qe2 Ra6 23. Ra2 Rda8 24. Rea1 Bc8 25. Bd1 Qb7 26. Ne1 Bd7 27. Nd3 Qc7 28. Kh2
Ng8 29. Qf3 Rf8 30. Qe2 Ne7 31. Rb1 f5 32. f4 fxe4 33. Nxe4 Nf5 34. fxe5 Nxe3
1/2-1/2

[Event "DEM U10 2016"]
[Site "Willingen GER"]
[Date "2016.05.21"]
[Round "11"]
[White "Hommer, Jeremy"]
[Black "Wagner, Leopold Franziskus"]
[Result "0-1"]
[Termination "normal"]
[Board "4"]
[WhiteElo "1741"]
[BlackElo "1844"]
[WhiteClock "00:01:41"]
[BlackClock "00:31:46"]
[PlyCount "216"]
[WhiteFideId "12992577"]
[BlackFideId "1641581"]
[EventCountry "GER"]
[EventRounds "11"]
[EventType "swiss"]
[EventDate "2016.05.14"]

1. g3 c5 2. Bg2 g6 3. c4 Bg7 4. Nf3 Nc6 5. O-O d6 6. Nc3 Qd7 7. Rb1 f5 8. d3 e5
9. a3 Nge7 10. Bd2 O-O 11. b4 Rb8 12. Ne1 b6 13. Nc2 Bb7 14. Ne3 Nd4 15. Ned5
Ne6 16. Nxe7+ Qxe7 17. Nd5 Bxd5 18. Bxd5 Kh8 19. e3 Nc7 20. Bg2 Bh6 21. Re1 Qf6
22. Bc3 Bg7 23. Qc2 Ne6 24. Rbd1 Rbe8 25. a4 g5 26. Rf1 Qh6 27. Rde1 g4 28. f4
gxf3 29. Bxf3 Ng5 30. Bg2 Ne6 31. Bd2 Qg6 32. Kh1 Bh6 33. Bc3 Bg7 34. Bd2 Bf6
35. Bd5 Ng7 36. Bg2 h5 37. Rg1 Bg5 38. Ref1 Qh6 39. Qc1 Qh7 40. e4 Bxd2 41.
Qxd2 cxb4 42. Qxb4 Qh6 43. Qe1 fxe4 44. Bxe4 Qg5 45. Rxf8+ Rxf8 46. Rf1 Qe7 47.
Qc1 Rf6 48. Rxf6 Qxf6 49. Kg2 Ne6 50. Qf1 Qxf1+ 51. Kxf1 Nc5 52. Bc6 Nxd3 53.
Ke2 Nc5 54. Ke3 Kg7 55. h3 Kg6 56. g4 hxg4 57. hxg4 Kg5 58. Kf3 Ne6 59. Bd5 Nc5
60. Bc6 e4+ 61. Bxe4 Nxa4 62. Bc2 Nc5 63. Ke3 Kxg4 64. Kd4 Na6 65. Bb3 Nb4 66.
Ke4 Kg5 67. Ba4 Kf6 68. Bb3 Ke7 69. Kd4 Kd7 70. Ba4+ Kc7 71. Kc3 a5 72. Kd4 Na6
73. Kc3 Kb7 74. Bb5 Nc7 75. Bd7 d5 76. Kd3 dxc4+ 77. Kxc4 Na6 78. Bb5 Nc7 79.
Bd7 Na6 80. Bb5 Nb4 81. Kb3 Kc7 82. Kc4 Nc6 83. Ba4 Na7 84. Be8 Nc8 85. Ba4
Nd6+ 86. Kd5 b5 87. Bd1 Nb7 88. Bc2 Kb6 89. Kd4 a4 90. Kc3 Kc5 91. Kb2 Kb4 92.
Be4 Nc5 93. Bd5 Nd3+ 94. Ka2 Nc5 95. Bf7 Ne4 96. Kb2 Nc5 97. Ka2 Kc3 98. Bd5 b4
99. Bf7 a3 100. Bg8 Nd3 101. Bf7 Ne5 102. Be6 Nc4 103. Bf7 b3+ 104. Ka1 Kc2
105. Bg6+ Kc1 106. Bf5 Ne3 107. Bb1 Nc2+ 108. Bxc2 bxc2 0-1

[Event "DEM U10 2016"]
[Site "Willingen GER"]
[Date "2016.05.21"]
[Round "11"]
[White "Prieb, Robert"]
[Black "Huo, Da"]
[Result "1/2-1/2"]
[Termination "normal"]
[Board "5"]
[WhiteElo "1505"]
[BlackElo "1703"]
[WhiteClock "00:31:26"]
[BlackClock "00:24:43"]
[PlyCount "42"]
[WhiteFideId "16212002"]
[BlackFideId "16221206"]
[EventCountry "GER"]
[EventRounds "11"]
[EventType "swiss"]
[EventDate "2016.05.14"]

1. d4 Nf6 2. c4 g6 3. Nc3 d5 4. Nf3 Bg7 5. Bg5 Ne4 6. Bf4 Nxc3 7. bxc3 O-O 8.
e3 dxc4 9. Bxc4 c5 10. O-O Nc6 11. Qc2 Bf5 12. Bd3 Bxd3 13. Qxd3 Qd7 14. Rfd1
Rfd8 15. Qe2 Qc8 16. Rac1 Na5 17. Qb5 b6 18. dxc5 Rxd1+ 19. Rxd1 Qxc5 20. Qxc5
bxc5 21. Be5 Bxe5 1/2-1/2

[Event "DEM U10 2016"]
[Site "Willingen GER"]
[Date "2016.05.21"]
[Round "11"]
[White "Hagner, Bennet"]
[Black "Lutz, Adam"]
[Result "0-1"]
[Termination "normal"]
[Board "6"]
[WhiteElo "1370"]
[BlackElo "1601"]
[WhiteClock "00:51:21"]
[BlackClock "01:07:55"]
[PlyCount "62"]
[WhiteFideId "16224477"]
[BlackFideId "16226615"]
[EventCountry "GER"]
[EventRounds "11"]
[EventType "swiss"]
[EventDate "2016.05.14"]

1. d4 d5 2. c4 e6 3. Nc3 Nf6 4. cxd5 exd5 5. Bg5 Be7 6. e3 Nbd7 7. Bd3 c6 8.
Qc2 O-O 9. Nf3 Re8 10. O-O a5 11. a3 Nf8 12. Rab1 Ng6 13. b4 axb4 14. axb4 Bg4
15. Bxg6 hxg6 16. Ne5 Bf5 17. Nd3 Ne4 18. Bxe7 Qxe7 19. Nxe4 Qxe4 20. Rb3 Kh7
21. Qe2 Qxd4 22. Nc5 b6 23. Nb7 Qe5 24. b5 c5 25. Qf3 Ra7 26. Nxc5 bxc5 27. b6
Rb7 28. Rd1 Bc2 29. Rbd3 Bxd3 30. Rxd3 Rxb6 31. Rxd5 Qxd5 0-1

[Event "DEM U10 2016"]
[Site "Willingen GER"]
[Date "2016.05.21"]
[Round "11"]
[White "Eilenberg, Jonas"]
[Black "Werner, Denis"]
[Result "1-0"]
[Termination "normal"]
[Board "7"]
[WhiteElo "1494"]
[BlackElo "1397"]
[WhiteClock "00:16:50"]
[BlackClock "01:06:44"]
[PlyCount "59"]
[WhiteFideId "16204271"]
[BlackFideId "16226429"]
[EventCountry "GER"]
[EventRounds "11"]
[EventType "swiss"]
[EventDate "2016.05.14"]

1. d4 Nf6 2. c4 e6 3. Nc3 d5 4. cxd5 exd5 5. Bg5 Be7 6. e3 c6 7. Bd3 O-O 8. Nf3
Re8 9. h3 Be6 10. O-O Nbd7 11. Qc2 Nf8 12. Ne5 N6d7 13. Nxd7 Qxd7 14. Bxe7 Qxe7
15. Rad1 Ng6 16. a3 Rac8 17. Rde1 Qf6 18. f4 Bd7 19. f5 Nf8 20. Qf2 h6 21. e4
dxe4 22. Nxe4 Qd8 23. Nd6 Rxe1 24. Rxe1 Rc7 25. Nxf7 Qf6 26. Ne5 Kh8 27. Ng6+
Nxg6 28. fxg6 Qd8 29. Qf7 c5 30. Re7 1-0

[Event "DEM U10 2016"]
[Site "Willingen GER"]
[Date "2016.05.21"]
[Round "11"]
[White "Grunert, Wilhelm"]
[Black "Gluma, Christian"]
[Result "1-0"]
[Termination "normal"]
[Board "8"]
[WhiteElo "1374"]
[BlackElo "1468"]
[WhiteClock "00:21:17"]
[BlackClock "00:15:19"]
[PlyCount "99"]
[WhiteFideId "12995673"]
[BlackFideId "16223209"]
[EventCountry "GER"]
[EventRounds "11"]
[EventType "swiss"]
[EventDate "2016.05.14"]

1. e4 e5 2. Nf3 Nc6 3. Bb5 a6 4. Ba4 Bc5 5. O-O Nge7 6. c3 O-O 7. d4 exd4 8.
cxd4 Ba7 9. Nc3 b5 10. Bc2 Ng6 11. Bg5 Qe8 12. Qd3 Nb4 13. Qd2 Nxc2 14. Qxc2
Bb7 15. Rac1 Rc8 16. a3 d6 17. Rfe1 c5 18. d5 f6 19. Be3 Ne5 20. Nxe5 fxe5 21.
Ne2 Qg6 22. Ng3 Rc7 23. b4 Bc8 24. bxc5 Bxc5 25. Bxc5 Rxc5 26. Qb2 Rxc1 27.
Rxc1 Bd7 28. Rc7 Qe8 29. Qb4 Rf6 30. Qa5 Qd8 31. Qb6 g6 32. Qb7 Rf7 33. Qa7 Kg7
34. Rb7 Qc8 35. Qxa6 Qc1+ 36. Nf1 Qf4 37. f3 Qf6 38. Rb6 Qg5 39. Qa5 Rxf3 40.
Qe1 Rxf1+ 41. Kxf1 Qf4+ 42. Kg1 Kh6 43. Rxd6 Be8 44. Rd8 Qf7 45. Qh4+ Kg7 46.
Qg5 Qc7 47. Rxe8 Qc5+ 48. Kh1 Qf2 49. Qxe5+ Kf7 50. Qe7# 1-0

[Event "DEM U10 2016"]
[Site "Willingen GER"]
[Date "2016.05.21"]
[Round "11"]
[White "Nitsche, Nikolai"]
[Black "Schubert, Nikita"]
[Result "0-1"]
[Termination "normal"]
[Board "9"]
[WhiteElo "1371"]
[BlackElo "1652"]
[WhiteClock "00:40:54"]
[BlackClock "00:15:42"]
[PlyCount "60"]
[WhiteFideId "16221036"]
[BlackFideId "16212339"]
[EventCountry "GER"]
[EventRounds "11"]
[EventType "swiss"]
[EventDate "2016.05.14"]

1. d4 Nf6 2. Bf4 e6 3. Nf3 c5 4. e3 Nc6 5. Bd3 b6 6. O-O Bb7 7. Nbd2 cxd4 8.
exd4 Be7 9. Re1 d6 10. c3 O-O 11. Ne4 h6 12. Nxf6+ Bxf6 13. Re3 Kh8 14. Nd2 e5
15. dxe5 dxe5 16. Bg3 Bg5 17. Rf3 f5 18. h4 Bxd2 19. Qxd2 f4 20. Bh2 e4 21.
Rxf4 Qxd3 22. Rd1 Rxf4 23. Bxf4 Rd8 24. Qxd3 exd3 25. Kf1 Ne7 26. g3 Ng6 27.
Bd2 Bf3 28. Re1 Be2+ 29. Kg1 Ne5 30. Kg2 Nf3 0-1

[Event "DEM U10 2016"]
[Site "Willingen GER"]
[Date "2016.05.21"]
[Round "11"]
[White "Metzdorf, Matteo"]
[Black "Neuber, Pascal"]
[Result "0-1"]
[Termination "normal"]
[Board "10"]
[WhiteElo "1211"]
[BlackElo "1309"]
[PlyCount "96"]
[WhiteFideId "16209869"]
[BlackFideId "16227611"]
[EventCountry "GER"]
[EventRounds "11"]
[EventType "swiss"]
[EventDate "2016.05.14"]

1. e4 e5 2. Nf3 Nc6 3. Bb5 a6 4. Ba4 Nf6 5. O-O Nxe4 6. d4 b5 7. Bb3 d5 8. dxe5
Be6 9. Nbd2 Nc5 10. c3 d4 11. Bxe6 Nxe6 12. cxd4 Ncxd4 13. Ne4 Be7 14. Be3 Nc6
15. Qc2 Nb4 16. Qe2 c6 17. Rfd1 Qc7 18. a3 Nd5 19. Rac1 Rd8 20. Bd2 O-O 21. Ng3
c5 22. Nf5 c4 23. Nxe7+ Qxe7 24. Qe4 Nc5 25. Qc2 Nd3 26. Rb1 Qc7 27. Bg5 Rc8
28. b3 Nb6 29. Be3 Nd7 30. bxc4 bxc4 31. Bd4 N7xe5 32. Bxe5 Nxe5 33. Ng5 Ng6
34. Rbc1 Qc5 35. Qa2 Qxg5 36. Rxc4 Rxc4 37. Qxc4 Qb5 38. Qc3 Rb8 39. h3 Qe5 40.
Qd3 a5 41. Qd2 h6 42. Re1 Qg5 43. Qe2 Nf4 44. Qf3 Rb3 45. Re8+ Kh7 46. Qe4+ g6
47. h4 Rb1+ 48. Qe1 Qxg2# 0-1

[Event "DEM U10 2016"]
[Site "Willingen GER"]
[Date "2016.05.21"]
[Round "11"]
[White "Farokhi, Keyvan"]
[Black "May, Ben-Iven"]
[Result "1-0"]
[Termination "normal"]
[Board "11"]
[WhiteElo "1585"]
[BlackElo "1330"]
[PlyCount "57"]
[WhiteFideId "12998630"]
[BlackFideId "16229673"]
[EventCountry "GER"]
[EventRounds "11"]
[EventType "swiss"]
[EventDate "2016.05.14"]

1. e4 c6 2. Nf3 d5 3. Nc3 dxe4 4. Nxe4 Nf6 5. Nxf6+ exf6 6. d4 Bg4 7. c3 c5 8.
Bb5+ Nd7 9. O-O a6 10. Be2 Be7 11. Bf4 O-O 12. d5 Bxf3 13. Bxf3 Ne5 14. Be2 Bd6
15. Qb3 b5 16. a4 c4 17. Qc2 Qc7 18. axb5 axb5 19. Kh1 Qc5 20. Be3 Qxd5 21.
Rfd1 Rxa1 22. Rxa1 Ra8 23. Rd1 Qe6 24. Qe4 Re8 25. Qb7 Rb8 26. Qa6 Bc7 27. Qa7
Bd6 28. Qxb8+ Bxb8 29. Rd8+ 1-0

[Event "DEM U10 2016"]
[Site "Willingen GER"]
[Date "2016.05.21"]
[Round "11"]
[White "Müller, Linus"]
[Black "Hagenbeck-Hübert, Ben"]
[Result "0-1"]
[Termination "normal"]
[Board "12"]
[WhiteElo "1077"]
[BlackElo "1428"]
[PlyCount "98"]
[WhiteFideId "16245946"]
[BlackFideId "16230779"]
[EventCountry "GER"]
[EventRounds "11"]
[EventType "swiss"]
[EventDate "2016.05.14"]

1. e4 e5 2. Nf3 Nc6 3. Bc4 Nf6 4. d3 Bc5 5. c3 a6 6. O-O Ba7 7. Qb3 O-O 8. Ng5
Qe7 9. Nd2 h6 10. Ngf3 Na5 11. Qa3 Qxa3 12. bxa3 Nxc4 13. Nxc4 d6 14. Be3 Be6
15. Na5 Bxe3 16. fxe3 b6 17. Nc6 Rfe8 18. Nb4 a5 19. Nc2 d5 20. exd5 Bxd5 21.
d4 exd4 22. exd4 Ne4 23. Rfc1 Nxc3 24. Re1 Rxe1+ 25. Rxe1 Bxa2 26. Re7 Rc8 27.
Ne5 Be6 28. Nc6 Kf8 29. Ne3 Nd5 30. Nxd5 Bxd5 31. Na7 Kxe7 32. Nxc8+ Kd7 33.
Na7 c6 34. g3 Kc7 35. Kf2 Kb7 36. Nxc6 Kxc6 37. Ke3 g5 38. h4 Kb5 39. hxg5 hxg5
40. g4 Ka4 41. Kd3 Kxa3 42. Kc3 b5 43. Kc2 b4 44. Kd3 b3 45. Kd2 b2 46. Kc2
Be4+ 47. Kc3 b1=Q 48. d5 Qb2+ 49. Kc4 Qb4# 0-1

[Event "DEM U10 2016"]
[Site "Willingen GER"]
[Date "2016.05.21"]
[Round "11"]
[White "Walter, Alexander"]
[Black "Felten, Maximilian"]
[Result "0-1"]
[Termination "normal"]
[Board "13"]
[WhiteElo "1128"]
[BlackElo "1369"]
[PlyCount "162"]
[WhiteFideId "16227620"]
[BlackFideId "4004949"]
[EventCountry "GER"]
[EventRounds "11"]
[EventType "swiss"]
[EventDate "2016.05.14"]

1. e4 e6 2. d4 d5 3. exd5 exd5 4. Bd3 Bd6 5. c3 c6 6. Qf3 Nf6 7. h3 O-O 8. Ne2
Be6 9. O-O Nbd7 10. Bg5 h6 11. Be3 Qb6 12. b3 Rfe8 13. Ng3 Nf8 14. Nd2 Qd8 15.
Rad1 Ng6 16. Qe2 Bc8 17. Nf3 Nf4 18. Qd2 Nxd3 19. Qxd3 Ne4 20. Qc2 Nxg3 21.
fxg3 Bxg3 22. Bf2 Bxf2+ 23. Rxf2 Be6 24. Rff1 Qc7 25. Rfe1 Bd7 26. Qd2 Rxe1+
27. Rxe1 Re8 28. a4 Qd6 29. Rxe8+ Bxe8 30. Qe2 Bd7 31. c4 dxc4 32. Qxc4 Qe6 33.
Qc3 Qd5 34. Qb4 b6 35. Qc3 f6 36. Kf2 Be6 37. Nd2 Qf5+ 38. Nf3 Qd5 39. Nd2 Kf7
40. Qe3 Qf5+ 41. Kg1 Bd5 42. b4 Qg6 43. Qf2 Be6 44. Kh2 Qf5 45. Nf3 Qf4+ 46.
Kg1 Bd5 47. Kh1 Bxf3 48. gxf3 Qf5 49. Kh2 Qf4+ 50. Kh1 Qd6 51. Qd2 c5 52. bxc5
bxc5 53. d5 f5 54. f4 Ke7 55. Kg2 Qg6+ 56. Kf3 Qh5+ 57. Kg3 Qg6+ 58. Kf3 Qf6
59. Kg3 Qd4 60. Qe2+ Qe4 61. Qa2 Kd6 62. Qb2 Qe3+ 63. Kg2 Qd4 64. Qb8+ Kxd5 65.
Qd8+ Kc4 66. Qa5 Qb2+ 67. Kg1 Qb1+ 68. Kg2 Qc2+ 69. Kg1 Qd1+ 70. Kg2 Qe2+ 71.
Kg1 Qe3+ 72. Kg2 Qe4+ 73. Kg1 Qb1+ 74. Kg2 Qe4+ 75. Kg1 Qd4+ 76. Kg2 Qb2+ 77.
Kg1 Qb6 78. Qd2 Qb1+ 79. Kg2 Qe4+ 80. Kh2 Kb3 81. Kg1 Qd4+ 0-1

[Event "DEM U10 2016"]
[Site "Willingen GER"]
[Date "2016.05.21"]
[Round "11"]
[White "Bungarten, Jona"]
[Black "Sinnhöfer, Joshua"]
[Result "1-0"]
[Termination "normal"]
[Board "14"]
[WhiteElo "1466"]
[BlackElo "1308"]
[PlyCount "59"]
[WhiteFideId "16223608"]
[BlackFideId "16201361"]
[EventCountry "GER"]
[EventRounds "11"]
[EventType "swiss"]
[EventDate "2016.05.14"]

1. e4 e5 2. Nf3 Nc6 3. Bc4 Bc5 4. b4 Bxb4 5. c3 Be7 6. d4 Na5 7. Be2 d5 8. Qa4+
c6 9. dxe5 dxe4 10. Qxe4 f5 11. Qf4 h6 12. O-O g5 13. Qe3 Qb6 14. Qd3 Bd7 15.
Nd4 O-O-O 16. Nxf5 Be6 17. Nxe7+ Nxe7 18. Qe3 Qxe3 19. Bxe3 b6 20. Nd2 Nf5 21.
Ne4 Bd5 22. Nf6 Nxe3 23. fxe3 Bc4 24. Bg4+ Kc7 25. Rfd1 Rhf8 26. Rxd8 Kxd8 27.
Rd1+ Kc7 28. Rd7+ Kb8 29. Re7 Bxa2 30. Nd7+ 1-0

[Event "DEM U10 2016"]
[Site "Willingen GER"]
[Date "2016.05.21"]
[Round "11"]
[White "Amato, Cristiano"]
[Black "Lehmann, Nils"]
[Result "1-0"]
[Termination "normal"]
[Board "15"]
[WhiteElo "1187"]
[BlackElo "1461"]
[PlyCount "117"]
[WhiteFideId "12998460"]
[BlackFideId "12982610"]
[EventCountry "GER"]
[EventRounds "11"]
[EventType "swiss"]
[EventDate "2016.05.14"]

1. e4 e5 2. Nf3 Nc6 3. Bc4 Bc5 4. c3 Nf6 5. d3 a6 6. O-O Na5 7. Nxe5 Nxc4 8.
Nxc4 O-O 9. Bg5 h6 10. Bh4 d6 11. Ne3 c6 12. Nd2 Re8 13. Qf3 Bxe3 14. fxe3 Re6
15. Nb3 c5 16. Nd2 b5 17. d4 g5 18. Be1 g4 19. Qf4 Kg7 20. Bh4 cxd4 21. exd4
Bd7 22. Kh1 Qe7 23. e5 dxe5 24. dxe5 Nd5 25. Qxg4+ Rg6 26. Qxg6+ fxg6 27. Bxe7
Nxe7 28. Nb3 Nf5 29. h3 Ng3+ 30. Kh2 Nxf1+ 31. Rxf1 Bf5 32. Nd4 Re8 33. Re1 Kf7
34. Nxf5 gxf5 35. e6+ Rxe6 36. Rxe6 Kxe6 37. Kg3 Ke5 38. Kf3 h5 39. h4 f4 40.
b3 a5 41. a4 bxa4 42. bxa4 Kd5 43. Kxf4 Kc4 44. g4 hxg4 45. Kxg4 Kxc3 46. h5
Kb4 47. h6 Kxa4 48. h7 Kb3 49. h8=Q a4 50. Qa1 a3 51. Kf3 Kb4 52. Qa2 Ka4 53.
Ke4 Kb4 54. Kd5 Kb5 55. Qxa3 Kb6 56. Qc5+ Ka6 57. Qb4 Ka7 58. Kc6 Ka8 59. Qb7#
1-0

[Event "DEM U10 2016"]
[Site "Willingen GER"]
[Date "2016.05.21"]
[Round "11"]
[White "Klonov, Jakov"]
[Black "Strehse, Nelson"]
[Result "0-1"]
[Termination "normal"]
[Board "16"]
[WhiteElo "1333"]
[BlackElo "1354"]
[PlyCount "154"]
[WhiteFideId "16211928"]
[BlackFideId "16228898"]
[EventCountry "GER"]
[EventRounds "11"]
[EventType "swiss"]
[EventDate "2016.05.14"]

1. e4 e5 2. Nf3 Nc6 3. Bc4 Nf6 4. Ng5 d5 5. exd5 b5 6. Be2 Qxd5 7. O-O e4 8. d3
exd3 9. Bxd3 Bb4 10. a3 Bg4 11. Nf3 Bd6 12. Re1+ Kd7 13. Nc3 Bxf3 14. Nxd5 Bxd1
15. Nxf6+ gxf6 16. Rxd1 a6 17. Be4 Rae8 18. Bxc6+ Kxc6 19. Be3 Be5 20. c3 Rhg8
21. Rd3 Rd8 22. Rad1 Rxd3 23. Rxd3 Re8 24. g3 Re6 25. Kf1 Rd6 26. Rxd6+ Kxd6
27. Ke2 Kd5 28. Kd3 c5 29. b3 c4+ 30. bxc4+ bxc4+ 31. Kd2 Ke4 32. Bc5 f5 33. f4
Bg7 34. Bb6 Kf3 35. Bd4 Bf8 36. a4 Kg2 37. Bf6 Kxh2 38. Bh4 Bg7 39. Kc2 Kg2 40.
Kd2 Kf3 41. Kc2 Ke3 42. Bg5 Ke4 43. Kd2 Kd5 44. Kc2 Kc5 45. Kb2 Kb6 46. Bd8+
Kc5 47. Kc2 Kd5 48. Bb6 Ke4 49. Bf2 Kf3 50. Be1 h5 51. Kd2 Bf6 52. Kc2 h4 53.
gxh4 Kxf4 54. Kd2 Kg4 55. Ke2 Bxh4 56. Bxh4 Kxh4 57. Kf3 Kg5 58. Kg3 Kf6 59.
Kf4 Ke6 60. Kf3 Ke5 61. Ke3 f4+ 62. Kf3 f5 63. Kf2 Ke4 64. Ke2 f3+ 65. Kf2 Kd3
66. Ke1 Kxc3 67. Kd1 Kb2 68. Kd2 c3+ 69. Kd3 c2 70. Ke3 c1=Q+ 71. Kxf3 f4 72.
Ke4 Qe3+ 73. Kf5 f3 74. Kg4 f2 75. Kf5 f1=R+ 76. Kg6 Qg3+ 77. Kh6 Rh1# 0-1

[Event "DEM U10 2016"]
[Site "Willingen GER"]
[Date "2016.05.21"]
[Round "11"]
[White "Schlie, Johann"]
[Black "Phan Trong, Dai"]
[Result "0-1"]
[Termination "normal"]
[Board "17"]
[WhiteElo "1244"]
[BlackElo "1376"]
[PlyCount "102"]
[WhiteFideId "16211596"]
[BlackFideId "16236939"]
[EventCountry "GER"]
[EventRounds "11"]
[EventType "swiss"]
[EventDate "2016.05.14"]

1. d4 d5 2. e3 Bf5 3. f4 e6 4. Nf3 Nf6 5. Be2 Bd6 6. O-O O-O 7. Ne5 Nbd7 8. g4
Be4 9. g5 Bxe5 10. dxe5 Ne8 11. Bf3 Bf5 12. Nc3 Nc5 13. b4 Nd7 14. e4 Bh3 15.
Rf2 c6 16. Bg4 Bxg4 17. Qxg4 Rc8 18. Qh5 Qe7 19. Ba3 b5 20. Rf3 a5 21. Rh3 h6
22. Bb2 axb4 23. Nd1 Qc5+ 24. Kh1 Qxc2 25. gxh6 Qxe4+ 26. Rf3 Qg6 27. Qxg6 fxg6
28. Rg3 gxh6 29. Rxg6+ Ng7 30. Rxh6 Rxf4 31. a3 b3 32. Nc3 Rf2 33. Rg1 Re8 34.
Rhg6 Re7 35. R6g2 Ref7 36. Nd1 R2f5 37. Rg5 Rxg5 38. Rxg5 Rf5 39. Rxf5 Nxf5 40.
Kg2 Kh7 41. Kf3 Kg6 42. Kf4 Nc5 43. Nf2 Na4 44. Nd3 c5 45. h3 c4 46. Nb4 c3 47.
Bxc3 Nxc3 48. Nd3 Na4 49. Kf3 b2 50. Nxb2 Nxb2 51. Ke2 d4 0-1

[Event "DEM U10 2016"]
[Site "Willingen GER"]
[Date "2016.05.21"]
[Round "11"]
[White "Schwartz, Oliver"]
[Black "Lox, Nils Norman"]
[Result "0-1"]
[Termination "normal"]
[Board "18"]
[WhiteElo "1440"]
[BlackElo "1480"]
[PlyCount "76"]
[WhiteFideId "16207459"]
[BlackFideId "16221389"]
[EventCountry "GER"]
[EventRounds "11"]
[EventType "swiss"]
[EventDate "2016.05.14"]

1. e4 c5 2. Nc3 Nc6 3. Nge2 d6 4. d4 cxd4 5. Nxd4 Nxd4 6. Qxd4 a6 7. Be3 b5 8.
O-O-O e5 9. Qd2 Nf6 10. f4 Bb7 11. fxe5 dxe5 12. Nxb5 Qxd2+ 13. Rxd2 Rc8 14.
Nc3 Bb4 15. Rd3 Bxc3 16. Rxc3 Rxc3 17. bxc3 Nxe4 18. c4 O-O 19. Be2 Nc3 20. Bf3
Bxf3 21. gxf3 Nxa2+ 22. Kb2 Nb4 23. Bc5 Rb8 24. Kc3 Nc6 25. Rd1 f6 26. Rd6 Rc8
27. Kd3 Ne7 28. Ba3 Kf7 29. Rxa6 Rd8+ 30. Ke3 Nf5+ 31. Ke2 Nd4+ 32. Kf2 Nxc2
33. Ra7+ Kg6 34. Bc1 Rd1 35. Bb2 Rd2+ 36. Kg3 Ne3 37. Bc1 Nf1+ 38. Kg4 f5+ 0-1

[Event "DEM U10 2016"]
[Site "Willingen GER"]
[Date "2016.05.21"]
[Round "11"]
[White "Rapp, Leonard"]
[Black "Böhm, Karl"]
[Result "0-1"]
[Termination "normal"]
[Board "19"]
[WhiteElo "1504"]
[BlackElo "1260"]
[PlyCount "84"]
[WhiteFideId "16212428"]
[BlackFideId "16209800"]
[EventCountry "GER"]
[EventRounds "11"]
[EventType "swiss"]
[EventDate "2016.05.14"]

1. e4 e5 2. Nf3 Nc6 3. d4 exd4 4. Nxd4 Bc5 5. Be3 Nxd4 6. Bxd4 Bxd4 7. Qxd4 Nf6
8. e5 Qe7 9. Be2 c5 10. exf6 Qxe2+ 11. Kxe2 cxd4 12. fxg7 Rg8 13. Re1 Rxg7 14.
Kf1+ Kd8 15. Nd2 b6 16. Rad1 Bb7 17. Nf3 Rc8 18. Re2 Ba6 19. Rdd2 Bxe2+ 20.
Kxe2 Rxg2 21. Rxd4 Rxc2+ 22. Ke3 Rgxf2 23. Ne5 Rce2+ 24. Kd3 Rxe5 25. Rh4 Rxb2
26. Rxh7 Rxa2 27. Kd4 Ree2 28. Rxf7 Rxh2 29. Kd5 Ra5+ 30. Kc4 d5+ 31. Kd4 Rh4+
32. Ke3 Ra3+ 33. Kf2 Rh2+ 34. Kg1 Rb2 35. Rf5 Ra1+ 36. Rf1 Rxf1+ 37. Kxf1 a5
38. Ke1 a4 39. Kd1 a3 40. Kc1 d4 41. Kd1 a2 42. Kc1 a1=Q# 0-1

[Event "DEM U10 2016"]
[Site "Willingen GER"]
[Date "2016.05.21"]
[Round "11"]
[White "Theile, Cedric"]
[Black "Fuhrmann, Bahne"]
[Result "0-1"]
[Termination "normal"]
[Board "20"]
[WhiteElo "1287"]
[BlackElo "1034"]
[PlyCount "102"]
[WhiteFideId "16283228"]
[BlackFideId "16244842"]
[EventCountry "GER"]
[EventRounds "11"]
[EventType "swiss"]
[EventDate "2016.05.14"]

1. Nf3 d5 2. c4 Nf6 3. b3 d4 4. d3 c5 5. Bb2 Nc6 6. a3 a6 7. g3 b5 8. cxb5 axb5
9. Bg2 Bb7 10. O-O e5 11. Nxe5 Qc7 12. Nxc6 Bxc6 13. Bxc6+ Qxc6 14. Qc2 Rc8 15.
Nd2 Ng4 16. Rac1 Qh6 17. Nf3 Rc6 18. Bxd4 Kd7 19. Ne5+ Nxe5 20. Bxe5 Re6 21.
Bf4 Qh5 22. f3 g5 23. Bb8 Rh6 24. e4 Bg7 25. g4 Bd4+ 26. Kh1 Qh4 27. Bg3 Qxg3
28. Qg2 Qxg2+ 29. Kxg2 Ra8 30. Rb1 Rxa3 31. Rh1 Ra2+ 32. Kf1 Rhxh2 33. Rxh2
Rxh2 34. Rd1 Rf2+ 35. Ke1 Rxf3 36. Ke2 Rf2+ 37. Ke1 Rb2 38. Kf1 Rxb3 39. Kg2 b4
40. Rf1 Rb2+ 41. Kh1 Rf2 42. Rb1 Ra2 43. Rf1 Ra1 44. Kg2 Rxf1 45. Kxf1 b3 46.
Ke2 b2 47. e5 b1=Q 48. Kd2 Qb2+ 49. Kd1 Be3 50. e6+ Kd6 51. exf7 Qd2# 0-1